000 00852nam a2200265 i 4500
003 DO-SdBNP
005 20240405084732.0
006 a||||er|||| 00| 0
007 ta
008 240405e2023 dr a|||| |||| 00| 0 spa d
020 _a9789945184334
040 _aDO-SdBNP
_bspa
_cBNPHU
_erda
082 4 _222
_bG643aj
245 1 0 _aAjedrez:
_bapertura dominicana/
_cEliseo González
264 1 _aSanto Domingo :
_bFR Multiservicios SRL,
_c2023
300 _a144 páginas :
_bIlustraciones ;
_c23 cm.
336 _2rdacontent
_atexto
_btxt
337 _2rdamedia
_asin mediación
_bn
338 _2rdacarrier
_avolumen
_bnc
500 _aIncluye datos biográficos del autor en las páginas 143 - 144.
590 _aInventariado 2024 / MF
650 4 _aAjedrez
_xEstrategias y Tácticas
_912532
650 4 _aJuegos de Tablero
_920161
942 _2ddc
_cLBS1
999 _c56256
_d56256